| 000 | 01202nam a2200229Ia 4500 | ||
|---|---|---|---|
| 001 | L248-15037 | ||
| 003 | IT-CnALBA | ||
| 008 | 170116s9999||||xx |||||||||||||| ||und|| | ||
| 040 |
_aIT-CnALBA _cIT-CnALBA |
||
| 041 | _aITALIANO | ||
| 100 | _aBOTTINI D. PRIMO | ||
| 245 | 0 | _aLA CROCIATA DELLA CARITÀ. | |
| 250 | _a1a ed. | ||
| 260 |
_aCINISELLO BALSAMO (MI) _bEDIZIONI PAOLINE _c1944 [1° Ed.:1944 - Ed.Ling.Originale: 1944] |
||
| 300 | _a162 p. (prefazione: 9) | ||
| 500 | _aOPERE DI MISERICORDIA CORPORALE E SPIRITUALE. INTERMEZZO DI DON PRIMO MAZZOLARI. AFFAMATI. ASSETATI. IGNUDI. PELLEGRINI. INFERMI. CARCERATI. DEFUNTI. DUBBIOSI. IGNORANZA. PECCATORI. AFFLITTI. OFFESI. PREGHIERE PER VIVI E DEFUNTI. SALMO DELLA CARITÀ. | ||
| 501 | _aSocietà San Paolo EM - Piazza San Paolo, 14 - 12051 ALBA (CN) (non commercial uses only) ® Copyright 2017 | ||
| 520 | _aOPERE DI MISERICORDIA CORPORALE E SPIRITUALE. INTERMEZZO DI DON PRIMO MAZZOLARI. AFFAMATI. ASSETATI. IGNUDI. PELLEGRINI. INFERMI. CARCERATI. DEFUNTI. DUBBIOSI. IGNORANZA. PECCATORI. AFFLITTI. OFFESI. PREGHIERE PER VIVI E DEFUNTI. SALMO DELLA CARITÀ. | ||
| 650 | _aASCETICA E MISTICA | ||
| 942 | _cBK | ||
| 957 | _71 | ||
| 999 |
_a19787 _bSI _g Copie: 1 _c274206 _d274206 |
||